|
|
|
|
| LEADER |
00600 a2200169 4500 |
| 008 |
170221b xxu||||| |||| 00| 0 eng d |
| 999 |
|
|
|c 113105
|d 113105
|
| 020 |
|
|
|a 9789385302220
|
| 082 |
|
|
|a 613.20835
|
| 100 |
|
|
|a Swati Chande
|
| 245 |
|
|
|a Nutritional status of adolescent tribals /
|c Swati Chande
|
| 260 |
|
|
|b Ishika,
|c 2016.
|a New Delhi:
|
| 300 |
|
|
|a xii, 199p.
|c 24cm.
|
| 650 |
|
|
|a Teenagers--Nutrition
|
| 650 |
|
|
|a Food habits
|
| 942 |
|
|
|2 ddc
|c BK
|
| 952 |
|
|
|0 0
|1 0
|4 0
|6 613_208350000000000_SWA_N
|7 0
|9 119901
|a UL
|b UL
|c ST1
|d 2016-12-21
|e 176
|g 564.45
|l 1
|m 2
|o 613.20835 SWA/N
|p 95035
|r 2018-08-01
|s 2018-05-04
|v 795.00
|y BK
|